LDR 00646naa#a2200181#i#450# 001 EN\\bibl\126626 005 20260703175445.5 011 ## _a2587-6740 100 ## _a20260615b2026####ek#y0engy0150####ca 102 ## _aRU 200 1# _aFeatures of development and transformation of the settlement system of the Moscow region _eJournal article 210 1# _aMoscow _cElectronic science _d2026 215 ## _a7 с. 608 ## _aJournal article _2local 675 ## _aРегиональная экономика. Территориальная экономика. 332.1 _z 700 #1 _aBliznyukova _gTatiana Viktorovna 700 #1 _aYurin _gGrigory Gennad'evich 856 4# _aqje.su _u